|
|
|
|
| LEADER |
01355nam a2200385 a 4500 |
| 001 |
000626996 |
| 003 |
CZ BrMZK |
| 005 |
20070502095200.0 |
| 007 |
ta |
| 008 |
021002s2002 xr e cze d |
| 015 |
|
|
|a cnb000891739
|
| 020 |
|
|
|a 80-7181-685-X
|
| 035 |
|
|
|a (OCoLC)53268486
|
| 040 |
|
|
|a BOA001
|b cze
|
| 041 |
1 |
|
|a cze
|h ger
|
| 072 |
|
7 |
|a 641
|x Kuchařství. Potraviny. Vařená jídla
|2 Konspekt
|9 19
|
| 080 |
|
|
|a 641.55:664.69
|2 MRF
|
| 080 |
|
|
|a 664.694
|2 MRF
|
| 080 |
|
|
|a (083.12)
|2 MRF
|
| 100 |
1 |
|
|a Adam, Cornelia
|7 mzk2002164317
|4 aut
|
| 245 |
1 |
0 |
|a Špagety :
|b snadno a rychle /
|c Cornelia Adam
|
| 250 |
|
|
|a České vyd. 1.
|
| 260 |
|
|
|a Praha :
|b Ottovo nakladatelství, divize Cesty,
|c 2002
|
| 300 |
|
|
|a 35 s. :
|b barev. il. ;
|c 18 cm
|
| 490 |
1 |
|
|a Vaříme s potěšením
|
| 500 |
|
|
|a Název z obálky
|
| 650 |
0 |
7 |
|a těstovinová jídla
|7 ph135634
|2 czenas
|
| 650 |
0 |
7 |
|a špagety
|7 ph173795
|2 czenas
|
| 655 |
|
7 |
|a kuchařské recepty
|7 fd132687
|2 czenas
|
| 765 |
0 |
|
|t Spaghetti - leicht gemacht
|9 Česky
|
| 830 |
|
0 |
|a Vaříme s potěšením
|0 s
|
| 856 |
4 |
1 |
|u http://www.digitalniknihovna.cz/mzk/uuid/uuid:ba245850-aac9-11e4-a7a2-005056827e51
|y Digitalizovaný dokument
|x NDK
|
| 910 |
|
|
|a BOA001
|b 1-1107.257
|
| 990 |
|
|
|a BK
|
| 996 |
6 |
|
|b 2610171473
|c 1-1107.257
|l MZK
|r Sklad / do 1 hodiny
|n 1
|p p.v.
|w 000626996
|u 000010
|a 1
|e BOA001
|j MZK50
|s P
|